| 000 | 00359nam a2200145Ia 4500 | ||
|---|---|---|---|
| 008 | 230312s9999||||xx |||||||||||||| ||und|| | ||
| 020 | _a81-239-2463-2 | ||
| 082 |
_a720.19 _bBRO-I |
||
| 100 | _aBrown;Percy | ||
| 245 | 0 | _aIndian Architecture Islamic Period | |
| 260 |
_bCBS Publishers _aIndia _c2014 |
||
| 300 | _a134 | ||
| 650 | _aArchitecture | ||
| 942 | _cBK | ||
| 999 |
_c11858 _d11858 |
||